Panamá: ¿ Vientos de democratización? /
Gorde:
| Egile nagusia: | |
|---|---|
| Formatua: | Texto |
| Etiketak: |
Etiketa erantsi
Etiketarik gabe, Izan zaitez lehena erregistro honi etiketa jartzen!
|
MARC
| LEADER | 00000 a a2200000 04500 | ||
|---|---|---|---|
| 001 | 17658 | ||
| 003 | |||
| 040 | |||
| 100 | |a Samaniego, Marcelina | ||
| 245 | |a Panamá: ¿ Vientos de democratización? / |c Marcelina Samaniego | ||
| 773 | |g volumen 17, número 178; páginas 1-2 | ||
| 999 | |c 30789 |d 30789 | ||
| 773 | 0 | |0 42391 |9 4360 |a Agencia Latinoamericana de Información, ALAI |d Quito, Ecuador: ALAI |o 07248 |t ALAI: |x 08275564 (Servicio mensual de información y documentación) | |
